Miesto a úloha integrovanej marketingovej komunikácie v manažmente podniku
Charakteristika a ciele marketingovej komunikácie. Integrovaná marketingová komunikácia. Rozdiely medzi klasickou a integrovanou marketingovou komunikáciou.
Gespeichert in:
| 1. Verfasser: | |
|---|---|
| Format: | Buchkapitel |
| Sprache: | Slowakisch |
| Schlagworte: | |
| Tags: |
Keine Tags, Fügen Sie das erste Tag hinzu!
|
MARC
| LEADER | 00000nla$a2200000$$$4500 | ||
|---|---|---|---|
| 001 | 0123228 | ||
| 005 | 20221207081743.0 | ||
| 041 | 0 | |a slo | |
| 044 | |a SK | ||
| 245 | 1 | 0 | |a Miesto a úloha integrovanej marketingovej komunikácie v manažmente podniku |c Viera Spodniaková |
| 520 | |a Charakteristika a ciele marketingovej komunikácie. Integrovaná marketingová komunikácia. Rozdiely medzi klasickou a integrovanou marketingovou komunikáciou. | ||
| 610 | 2 | 0 | |a marketing |
| 610 | 2 | 0 | |a komunikácia marketingová |
| 610 | 2 | 0 | |a nástroje marketingové |
| 610 | 2 | 0 | |a integrácia |
| 610 | 2 | 0 | |a značky výrobkov |
| 610 | 2 | 0 | |a zákazníci |
| 100 | 1 | |a Spodniaková, Viera | |